| 000 | 00519nam a22001697a 4500 | ||
|---|---|---|---|
| 999 |
_c8309 _d8309 |
||
| 008 | 201112b ||||| |||| 00| 0 eng d | ||
| 040 | _aBMS College of Architecture | ||
| 100 | _aAnvitha, H | ||
| 245 | _aAviation training academy | ||
| 300 | _aNA | ||
| 500 | _a1BM15AT011 | ||
| 502 |
_8B,Arch _NBMS College of Architecture, Visvesvaraya Technological University (VTU) _aProject report _d2019 |
||
| 650 | _aAviation training | ||
| 700 |
_aShantesh Kelvekar _eGuide |
||
| 700 |
_aShanu Raina _eGuide |
||
| 942 |
_2ddc _cTHE |
||